[Event "AUTO-OPEN-1752"]
[Site "http://www.queenalice.com/game.php?id=678969"]
[Date "2009.11.6"]
[Round "1"]
[White "FPM"]
[Black "The_Searcher"]
[Result "1-0"]
[WhiteElo "1851"]
[BlackElo "1333"]

1. e4 e5 2. Nf3 Nc6 3. Bb5 Nf6 4. Nc3 a6 5. Bxc6 dxc6 6. O-O Bb4 7. Re1 O-O 8.
Nxe5 Be6 9. d3 c5 10. a3 Ba5 11. Bd2 b5 12. Ne2 c4 13. Bxa5 Qe7 14. Ng3 c6 15.
Nxc6 Qd7 16. Ne5 Qd4 17. Bc3 Qd8 18. Nc6 Qc7 19. Nd4 cxd3 20. Nxe6 Qd6 21. Nxf8
Qxf8 22. Bxf6 gxf6 23. cxd3 a5 24. Nf5 a4 25. Qg4+ Kh8 26. Rac1 Re8 27. Rc7 h6
28. Qh5 Rc8 29. Rxf7 Qg8 30. Nxh6 Qd8 31. Ng8+ 1-0

[Event "AUTO-OPEN-1752"]
[Site "http://www.queenalice.com/game.php?id=678970"]
[Date "2009.11.6"]
[Round "1"]
[White "The_Searcher"]
[Black "FPM"]
[Result "0-1"]
[WhiteElo "1323"]
[BlackElo "1846"]

1. e4 d5 2. exd5 Qxd5 3. Nc3 Qa5 4. d4 Nf6 5. Bd2 Qb6 6. Nf3 Qxb2 7. Bb5+ c6 8.
Rb1 Qa3 9. Rb3 Qd6 10. Bd3 Bg4 11. Be2 b6 12. g3 Bh3 13. Bf4 Qe6 14. Ng5 Qc8 15.
f3 h6 16. Nxh3 Qxh3 17. Bf1 Qd7 18. h4 Nd5 19. Nxd5 Qxd5 20. Bd3 e6 21. c4 Qa5+
22. Qd2 Qxd2+ 23. Bxd2 Nd7 24. f4 Be7 25. d5 cxd5 26. cxd5 Nc5 27. Rc3 Nxd3+ 28.
Rxd3 Rd8 29. g4 Rxd5 30. Rc3 Kd7 31. h5 Bb4 32. Rc2 Bxd2+ 33. Ke2 Bxf4 34. Rf1
e5 35. Ra1 g5 36. a4 Ke6 37. Rc6+ Rd6 38. Rc2 Rhd8 39. Kf3 Rd3+ 40. Ke2 Re3+ 41.
Kf2 Red3 42. Rc6+ R8d6 43. Rcc1 Bxc1 44. Rxc1 f5 45. gxf5+ Kxf5 46. Ke2 Ke4 47.
Kf2 Rf6+ 48. Ke2 Rff3 49. Rc4+ Kf5 50. Rc8 Rh3 51. Kf2 Ra3 52. Rf8+ Kg4 53. Re8
Ra2+ 0-1

[Event "AUTO-INT-1507"]
[Site "http://www.queenalice.com/game.php?id=679083"]
[Date "2009.11.7"]
[Round "1"]
[White "The_Searcher"]
[Black "soutricolor2007"]
[Result "0-1"]
[WhiteElo "1286"]
[BlackElo "1743"]

1. e4 e5 2. Nf3 Nc6 3. Bb5 f6 4. O-O Bd6 5. Nc3 a6 6. Bd3 Nge7 7. Nd5 Nxd5 8. b3
Nf4 9. g3 Nxd3 10. cxd3 Nd4 11. Nxd4 exd4 12. Bb2 c5 13. Qf3 O-O 14. a4 Qa5 15.
Ba3 Qxd2 16. Bc1 Qb4 17. Rb1 b5 18. Qd1 Qa5 19. f4 bxa4 20. h4 axb3 21. Bd2 Qb5
22. Rxb3 Qa4 23. e5 fxe5 24. fxe5 Rxf1+ 25. Kxf1 Bxe5 26. Bg5 h6 27. Rb1 Qxd1+
28. Rxd1 hxg5 29. hxg5 Bxg3 30. Rc1 d6 31. Re1 Bxe1 32. Kxe1 Bb7 33. g6 Rf8 34.
Kd1 Rf6 35. Kd2 Rxg6 36. Kd1 Rg2 37. Ke1 a5 0-1

[Event "AUTO-INT-1507"]
[Site "http://www.queenalice.com/game.php?id=679084"]
[Date "2009.11.7"]
[Round "1"]
[White "soutricolor2007"]
[Black "The_Searcher"]
[Result "1-0"]
[WhiteElo "1725"]
[BlackElo "1290"]

1. e4 e5 2. Nf3 Nc6 3. Bb5 Nf6 4. Bxc6 dxc6 5. d3 c5 6. Nxe5 Nd7 7. Nxd7 Bxd7 8.
O-O g6 9. Bf4 Bd6 10. Bxd6 cxd6 11. Nc3 Qc8 12. Nd5 O-O 13. Ne7+ Kg7 14. Nxc8
Raxc8 15. Qf3 f5 16. exf5 gxf5 17. Qxb7 Rb8 18. Qxd7+ Rf7 19. Qxd6 Rc8 20. Rae1
a5 21. Re7 Rf8 22. Rxf7+ Rxf7 23. Qe5+ Rf6 24. Qxc5 a4 25. b3 axb3 26. cxb3 f4
27. f3 Ra6 28. a4 Re6 29. a5 Kf6 30. d4 Re2 31. a6 Re6 32. a7 Re8 33. Qc6+ Kf7
34. a8=Q Re7 35. Qd5+ 1-0

[Event "AUTO-INT-1507"]
[Site "http://www.queenalice.com/game.php?id=679085"]
[Date "2009.11.7"]
[Round "1"]
[White "The_Searcher"]
[Black "MarTraM"]
[Result "0-1"]
[WhiteElo "1344"]
[BlackElo "1796"]

1. e4 e5 2. Nf3 Nc6 3. Bb5 Nge7 4. O-O g6 5. d3 Bg7 6. Nc3 O-O 7. d4 exd4 8.
Nxd4 Nxd4 9. Bd3 Ndc6 10. b3 a6 11. a4 Bxc3 12. Ra2 Nb4 13. Ra3 Nxd3 14. Qxd3
Bg7 15. c4 d6 16. Bd2 c6 17. Bg5 h6 18. Bxe7 Qxe7 19. Re1 d5 20. Raa1 Bxa1 21.
Rxa1 Qxe4 22. Qc3 dxc4 23. bxc4 Be6 24. f3 Qxc4 25. Qf6 b5 26. a5 Rad8 27. Rf1
Rd2 28. h3 Qd4+ 29. Qxd4 Rxd4 30. g4 Rfd8 31. Kg2 Rd1 32. Rxd1 Rxd1 33. Kg3 c5
34. Kf2 Rd5 35. Ke3 c4 0-1

[Event "AUTO-INT-1507"]
[Site "http://www.queenalice.com/game.php?id=679086"]
[Date "2009.11.7"]
[Round "1"]
[White "MarTraM"]
[Black "The_Searcher"]
[Result "1-0"]
[WhiteElo "1808"]
[BlackElo "1342"]

1. d4 d5 2. c4 e6 3. Nc3 dxc4 4. e4 Nf6 5. Bg5 Be7 6. Bxc4 h6 7. Bxf6 Bxf6 8. e5
Bg5 9. Nf3 f6 10. Nxg5 fxg5 11. O-O Nc6 12. Bb5 Bd7 13. Bxc6 Bxc6 14. Na4 Bxa4
15. Qxa4+ c6 16. Qb4 b5 17. Rac1 a5 18. Qc5 Rc8 19. f4 g6 20. fxg5 hxg5 21. Rf6
a4 22. Rxe6+ Kf7 23. Rf6+ Kg7 24. Rcf1 Rc7 25. e6 g4 26. Rf7+ Kh6 27. Rxc7 Re8
28. Rxc6 b4 29. Qxb4 Qg5 30. Qxa4 g3 31. hxg3 Qe3+ 32. Kh1 Rh8 33. Rc8 Rxc8 34.
d5 Rd8 35. Qf4+ Qxf4 36. gxf4 Rxd5 37. Re1 Rd4 38. e7 Rxf4 39. e8=Q Ra4 40. Qxa4
1-0

[Event "AUTO-INT-1549"]
[Site "http://www.queenalice.com/game.php?id=698730"]
[Date "2009.12.16"]
[Round "1"]
[White "zecafernandes"]
[Black "The_Searcher"]
[Result "1-0"]
[WhiteElo "1372"]
[BlackElo "1321"]

1. e4 e5 2. d4 Bb4+ 3. c3 Nf6 4. cxb4 exd4 5. Qxd4 d5 6. Qe5+ Be6 7. Nc3 Nc6 8.
Qg5 h6 9. Qxg7 Rf8 10. Bxh6 Rg8 11. Qxg8+ Ke7 12. Qxd8+ Rxd8 13. Be2 dxe4 14. f3
exf3 15. Nxf3 b6 16. Bg5 Nxb4 17. O-O Nc2 18. Rac1 Nb4 19. Ne5 Kd6 20. Bf4 a5
21. Nxf7+ Ke7 22. Nxd8 Kxd8 23. Rcd1+ Bd7 24. Bg5 Ke7 25. Bxf6+ Ke6 26. Bg4+ Kf7
27. Bxd7 Kg6 28. Be8+ Kh7 29. Rd7+ Kh6 30. Bg7+ Kh7 31. Be5+ Kg8 32. Rg7+ Kh8
33. Rf8# 1-0

[Event "AUTO-INT-1549"]
[Site "http://www.queenalice.com/game.php?id=698731"]
[Date "2009.12.16"]
[Round "1"]
[White "The_Searcher"]
[Black "zecafernandes"]
[Result "0-1"]
[WhiteElo "1303"]
[BlackElo "1373"]

1. e4 e5 2. Nf3 Nc6 3. Bb5 g5 4. d3 d5 5. Ba4 d4 6. Bxg5 f6 7. Bh4 Bg4 8. h3 Be6
9. c3 Bd7 10. cxd4 Bb4+ 11. Nc3 exd4 12. a3 Ba5 13. O-O Qe7 14. Bb3 dxc3 15.
bxc3 Bxc3 16. Rc1 Ba5 17. d4 Qxa3 18. Bc2 O-O-O 19. d5 Nce7 20. Bg3 Bb6 21. e5
Bb5 22. Ra1 Qc5 23. Bf5+ Nxf5 24. exf6 Rxd5 25. Qb3 Nxf6 26. Rae1 Rhd8 27. Ng5
Rd3 28. Qb1 Nxg3 29. Ne6 Qd5 30. Nf4 Rb3 31. Nxd5 Rxb1 32. Rxb1 Rxd5 33. Rfd1
Ne2+ 34. Kf1 Nc3+ 35. Ke1 Re5+ 36. Kd2 Ba5 37. Rxb5 Nxb5+ 38. Kc1 Ne4 39. f3
Nec3 40. Rd2 Ne2+ 41. Kc2 Na3+ 0-1

[Event "AUTO-INT-1549"]
[Site "http://www.queenalice.com/game.php?id=698746"]
[Date "2009.12.16"]
[Round "1"]
[White "Hugopessanha"]
[Black "The_Searcher"]
[Result "1-0"]
[WhiteElo "1670"]
[BlackElo "1336"]

1. e4 e5 2. Nf3 Nc6 3. Bc4 Bc5 4. Ng5 Qxg5 5. d4 Nxd4 6. Bxg5 h6 7. Bh4 Be7 8.
c3 Bxh4 9. cxd4 d6 10. g3 Be7 11. dxe5 f6 12. exd6 Bxd6 13. O-O g6 14. Nc3 f5
15. exf5 gxf5 16. Re1+ Ne7 17. Nd5 c6 18. Nf6+ Kd8 19. Qxd6+ Bd7 20. Qxd7# 1-0

[Event "AUTO-INT-1549"]
[Site "http://www.queenalice.com/game.php?id=698747"]
[Date "2009.12.16"]
[Round "1"]
[White "The_Searcher"]
[Black "Hugopessanha"]
[Result "0-1"]
[WhiteElo "1329"]
[BlackElo "1628"]

1. e4 e5 2. Nf3 d6 3. Nc3 Nh6 4. Bb5+ c6 5. Bd3 Na6 6. Bxa6 bxa6 7. b3 f6 8. O-O
a5 9. d3 Ba6 10. d4 Bxf1 11. Qxf1 exd4 12. Nxd4 c5 13. Nf3 f5 14. Bg5 Be7 15.
Bxe7 Qxe7 16. exf5 O-O 17. Nd5 Qd8 18. Re1 Rxf5 19. Ne3 Rf6 20. Nd5 Rf5 21. Ne3
Rf7 22. a3 d5 23. c3 d4 24. Rd1 Rd7 25. cxd4 cxd4 26. Nxd4 Rxd4 27. Rxd4 Qxd4
28. Nc2 Qd8 29. Qc4+ Kh8 30. g3 Rc8 31. Qe4 Rc7 32. Ne3 Rc1+ 33. Kg2 Rc3 34. Qe5
Rxb3 35. a4 Qa8+ 36. Nd5 Rd3 37. h3 Rxd5 38. Qe4 Nf5 39. g4 Nd6 40. Qxd5 Qxd5+
41. Kf1 Ne4 42. f4 Qd2 43. f5 Qf2# 0-1

[Event "AUTO-INT-1549"]
[Site "http://www.queenalice.com/game.php?id=698758"]
[Date "2009.12.16"]
[Round "1"]
[White "The_Searcher"]
[Black "Barbudo"]
[Result "0-1"]
[WhiteElo "1307"]
[BlackElo "1736"]

1. e4 e5 2. Nf3 Nc6 3. Bb5 Nge7 4. O-O a6 5. Bc4 b5 6. Bd5 Nxd5 7. exd5 Nb4 8.
d3 d6 9. Nc3 Bb7 10. a3 Nxd5 11. Nxd5 Bxd5 12. d4 exd4 13. Bg5 Bxf3 14. Qxf3 Be7
15. c3 Bxg5 16. cxd4 Bf6 17. g3 Bxd4 18. Qe4+ Be5 19. Qc6+ Kf8 20. b4 Bxa1 21.
Rxa1 Qf6 22. Qxa8+ Ke7 23. Qxa6 Qxa1+ 24. Kg2 Qe5 25. Qc6 Kd8 26. Qa8+ Ke7 27.
Qxh8 h5 28. Qc8 Qc3 29. Qa6 g5 30. Qxb5 f6 31. a4 c5 32. a5 g4 33. a6 Qf3+ 34.
Kf1 Qh1+ 35. Ke2 Qf3+ 36. Kf1 cxb4 37. Qxb4 Qd3+ 38. Kg2 Qxa6 39. Qe4+ Kd7 40.
Qf5+ Ke7 41. Qxh5 Qc6+ 42. Kf1 Qh1+ 43. Ke2 Qf3+ 44. Kf1 Ke6 45. Qe8+ Kf5 46.
Qc8+ Ke5 47. Qe8+ Kd4 48. Qe6 d5 49. Qb6+ Kd3 50. Qb3+ Ke4 51. Qc2+ Kd4 52. Qd2+
Qd3+ 53. Ke1 Qxd2+ 54. Kxd2 Ke4 55. h4 gxh3 56. Ke2 h2 57. f3+ Kd4 58. g4 h1=Q
59. f4 Qe4+ 60. Kd2 Qxf4+ 61. Ke2 Qxg4+ 62. Kd2 Qg2+ 63. Ke1 Kd3 0-1

[Event "AUTO-INT-1549"]
[Site "http://www.queenalice.com/game.php?id=698759"]
[Date "2009.12.16"]
[Round "1"]
[White "Barbudo"]
[Black "The_Searcher"]
[Result "1-0"]
[WhiteElo "1740"]
[BlackElo "1331"]

1. e4 e5 2. Nf3 Nc6 3. a3 Nf6 4. Nc3 d6 5. h3 h5 6. Bc4 Be6 7. Bxe6 fxe6 8. Qe2
d5 9. exd5 Nxd5 10. Na4 b6 11. Nxe5 Nxe5 12. Qxe5 Bd6 13. Qxg7 Rf8 14. Qg6+ Rf7
15. Qxe6+ Ne7 16. Qh6 Ng8 17. Qxh5 Nf6 18. Qb5+ Nd7 19. O-O a6 20. Re1+ Re7 21.
Qh5+ Kf8 22. Rxe7 Qxe7 23. g3 Nf6 24. Qh8+ Ng8 25. Kh2 b5 26. Qh5 bxa4 27. Qf3+
1-0

[Event "Challenge"]
[Site "http://www.queenalice.com/game.php?id=720774"]
[Date "2010.1.26"]
[Round "-"]
[White "babycrocket"]
[Black "The_Searcher"]
[Result "1-0"]
[WhiteElo "1699"]
[BlackElo "1325"]

1. e4 e5 2. Nf3 Nc6 3. d3 Nf6 4. Be2 Bb4+ 5. c3 Ba5 6. O-O b5 7. Nbd2 O-O 8. Re1
d6 9. h3 g6 10. Qc2 b4 11. Nf1 bxc3 12. bxc3 d5 13. Ng3 dxe4 14. dxe4 Bb6 15.
Bd2 a5 16. Bb5 Bd7 17. Rad1 h5 18. Bxc6 Bxc6 19. Bh6 Bxe4 20. Nxe4 Re8 21. Rxd8
Rexd8 22. Nxf6+ Kh8 23. Nxe5 Rd6 24. Nxf7# 1-0

[Event "QA-ANNIV-05"]
[Site "http://www.queenalice.com/game.php?id=723776"]
[Date "2010.2.1"]
[Round "3"]
[White "HokZ157"]
[Black "The_Searcher"]
[Result "1-0"]
[WhiteElo "2100"]
[BlackElo "1305"]

1. e4 e5 2. f4 Nc6 3. Nf3 exf4 4. Bc4 Nf6 5. O-O Bc5+ 6. d4 Bb6 7. Nc3 d6 8.
Bxf4 O-O 9. Kh1 Bg4 10. Be3 Bd7 11. Ng5 Bg4 12. Qe1 Nb4 13. Bb3 h6 14. Nf3 Nd3
15. cxd3 d5 16. Qh4 Bxf3 17. gxf3 g5 18. Bxg5 hxg5 19. Qxg5+ Kh7 20. Qh4+ Kg6
21. Rg1+ Ng4 22. Rxg4+ 1-0

[Event "Challenge"]
[Site "http://www.queenalice.com/game.php?id=733344"]
[Date "2010.2.17"]
[Round "-"]
[White "The_Searcher"]
[Black "babycrocket"]
[Result "0-1"]
[WhiteElo "1288"]
[BlackElo "1900"]

1. e4 e5 2. Nf3 Nc6 3. Bb5 Bd6 4. Nc3 a6 5. Ba4 Nf6 6. O-O O-O 7. d3 h6 8. b4
Bxb4 9. Bd2 b5 10. Bb3 d6 11. Nd5 Bxd2 12. Qxd2 Bb7 13. Nxf6+ Qxf6 14. c3 Rfe8
15. c4 bxc4 16. dxc4 Nd4 17. Nxd4 exd4 18. Rfe1 Bxe4 19. Bc2 Bxc2 20. Qxc2 Re5
21. Rxe5 dxe5 22. a4 c5 23. f3 Rd8 24. Rd1 g6 25. a5 Kg7 26. g4 Qxf3 27. Rf1
Qxg4+ 28. Qg2 Qxg2+ 29. Kxg2 Rb8 30. Kh1 Rb4 31. Rc1 Ra4 32. h4 h5 33. Re1 f6
34. Rg1 Rxc4 35. Rb1 Rb4 36. Ra1 c4 0-1

[Event "AUTO-BEG-387"]
[Site "http://www.queenalice.com/game.php?id=752125"]
[Date "2010.3.26"]
[Round "1"]
[White "The_Searcher"]
[Black "Felipe_Hawk"]
[Result "0-1"]
[WhiteElo "1297"]
[BlackElo "1605"]

1. e4 e5 2. Nf3 Nc6 3. Bb5 Nge7 4. O-O a6 5. Bxc6 Nxc6 6. Nc3 Be7 7. d3 O-O 8.
Nd5 d6 9. Nxe7+ Qxe7 10. Bg5 f6 11. Be3 Be6 12. c4 Nd4 0-1

[Event "AUTO-BEG-387"]
[Site "http://www.queenalice.com/game.php?id=752126"]
[Date "2010.3.26"]
[Round "1"]
[White "Felipe_Hawk"]
[Black "The_Searcher"]
[Result "1-0"]
[WhiteElo "1609"]
[BlackElo "1293"]

1. e4 e5 2. Nf3 Nc6 3. Bb5 Nf6 4. Nc3 Bb4 5. Bxc6 dxc6 6. d3 O-O 7. Bd2 Bg4 8.
O-O Bh5 9. a3 Bd6 10. Na4 b5 11. Nc3 c5 12. Nxb5 1-0